[Event "Euskadi-ch"]
[Site "Pamplona"]
[Date "2018.04.05"]
[Round "4"]
[White "Sola Plaza, Gregorio"]
[Black "Segura del Frago, Imanol"]
[Result "1/2-1/2"]
[WhiteElo "1804"]
[BlackElo "2019"]
[PlyCount "128"]
[EventDate "2018.04.02"]
[EventType "swiss"]
[EventRounds "7"]
[EventCountry "ESP"]
[SourceTitle "EXT 2021"]
[Source "ChessBase"]
[SourceDate "2020.10.23"]
[SourceVersion "1"]
[SourceVersionDate "2020.10.23"]
[SourceQuality "1"]

1. c4 Nf6 2. Nc3 e6 3. Nf3 d5 4. e3 Be7 5. b3 0-0 6. Be2 c5 7. cxd5 exd5 8. d4 Nc6 9. 0-0 Bf5 10. Bb2 Re8 11. Rc1 cxd4 12. Nxd4 Bg6 13. Re1 Rc8 14. Nxc6 bxc6 15. Bf3 Bd6 16. g3 Qe7 17. Ne2 Bb4 18. Rf1 Ne4 19. Nf4 Nd2 20. Nxg6 hxg6 21. a3 Nxf3+ 22. Qxf3 Bxa3 23. Bxa3 Qxa3 24. Ra1 Qxb3 25. Rfb1 Qd3 26. Rb7 Qf5 27. Qxf5 gxf5 28. Raxa7 Rf8 29. Rd7 Rcd8 30. Rdc7 Rc8 31. Rd7 Kh7 32. h4 Kg6 33. Rd6+ f6 34. Ra3 c5 35. Rxd5 c4 36. Ra2 Rc6 37. Rc2 c3 38. Kf1 Rb8 39. Ke2 Rb1 40. Rd3 Rb3 41. Rd5 Rb1 42. Rd3 Rb3 43. Rd4 Kf7 44. Kd3 Ke6 45. Rc4 Rd6+ 46. Ke2 Rb1 47. R4xc3 Rdd1 48. Rc6+ Kf7 49. Kf3 g5 50. hxg5 fxg5 51. Ra6 Rb7 52. Rc5 f4 53. gxf4 gxf4 54. Kxf4 Rh1 55. Rg5 Rh4+ 56. Rg4 Rb4+ 57. e4 Rxe4+ 58. Kxe4 Rxg4+ 59. Kf5 Rb4 60. Ra7+ Kf8 61. f4 Rb6 62. Kg5 Rc6 63. f5 Rb6 64. f6 Rb1 1/2-1/2

[Event "Navarra-ch"]
[Site "Pamplona"]
[Date "2016.05.07"]
[Round "8"]
[White "Lerendegui Lasa, Odei"]
[Black "Sola Plaza, Gregorio"]
[Result "0-1"]
[WhiteElo "1908"]
[BlackElo "1945"]
[PlyCount "56"]
[EventDate "2016.03.05"]
[EventType "swiss"]
[EventRounds "8"]
[EventCountry "ESP"]
[SourceTitle "EXT 2018"]
[Source "ChessBase"]
[SourceDate "2017.10.13"]
[SourceVersion "1"]
[SourceVersionDate "2017.10.13"]
[SourceQuality "1"]

1. e4 c5 2. c3 d5 3. exd5 Qxd5 4. d4 Nf6 5. Nf3 Bg4 6. Be2 e6 7. a3 Nc6 8. Be3 cxd4 9. cxd4 Be7 10. Nc3 Qd6 11. h3 Bh5 12. 0-0 0-0 13. Qd2 Nd5 14. Ne4 Qd8 15. Rfd1 Rc8 16. Rac1 Qa5 17. Bg5 Qxd2 18. Rxd2 Bxg5 19. Nexg5 Nxd4 20. Rcd1 Nxe2+ 21. Rxe2 h6 22. g4 Bg6 23. Ne4 Nf4 24. Re3 Nxh3+ 25. Kh2 Bxe4 26. Kxh3 Bd5 27. Nd4 Rfd8 28. Nb5 Bg2+ 0-1

[Event "Navarra-ch"]
[Site "Pamplona"]
[Date "2016.04.09"]
[Round "4"]
[White "Arrese Igor Royuela, Alex"]
[Black "Sola Plaza, Gregorio"]
[Result "1/2-1/2"]
[WhiteElo "1638"]
[BlackElo "1945"]
[PlyCount "105"]
[EventDate "2016.03.05"]
[EventType "swiss"]
[EventRounds "8"]
[EventCountry "ESP"]
[SourceTitle "EXT 2018"]
[Source "ChessBase"]
[SourceDate "2017.10.13"]
[SourceVersion "1"]
[SourceVersionDate "2017.10.13"]
[SourceQuality "1"]

1. d4 Nf6 2. Nf3 e6 3. e3 Be7 4. Bd3 0-0 5. 0-0 b6 6. e4 d6 7. c3 Ba6 8. Re1 Bxd3 9. Qxd3 c5 10. d5 Nbd7 11. c4 e5 12. Nbd2 Re8 13. Nf1 Bf8 14. Ng3 g6 15. Bg5 Qb8 16. b3 Bg7 17. Qd2 a6 18. Bh6 Qd8 19. Qg5 Bxh6 20. Qxh6 Ng4 21. Qd2 Kg7 22. h3 Nh6 23. Nh2 Rf8 24. f3 Qh4 25. Qf2 Kh8 26. Ng4 Ra7 27. Qe3 Ng8 28. Kh2 f5 29. exf5 gxf5 30. Qd3 fxg4 31. Nf5 Qf6 32. fxg4 e4 33. Qxe4 Ne5 34. Nxd6 Nxg4+ 35. Qxg4 Qxd6+ 36. Kg1 Rg7 37. Re6 Qc7 38. d6 Qf7 39. Qe2 Qf4 40. Rd1 Nf6 41. Re7 Nd7 42. Rxg7 Kxg7 43. Qe7+ Rf7 44. Qe2 Nf6 45. Rd3 h5 46. Qe6 h4 47. d7 Nxd7 48. Rxd7 Qf1+ 49. Kh2 Qf4+ 50. Kg1 Qf2+ 51. Kh2 Qg3+ 52. Kg1 Qf2+ 53. Kh2 1/2-1/2

[Event "Pamplona Navarro-ch"]
[Site "Pamplona"]
[Date "2015.04.25"]
[Round "3"]
[White "Sola Plaza, Gregorio"]
[Black "Ortin Blanco, Inigo"]
[Result "0-1"]
[WhiteElo "1901"]
[BlackElo "1994"]
[PlyCount "84"]
[EventDate "2015.04.11"]
[EventType "swiss"]
[EventRounds "8"]
[EventCountry "ESP"]
[SourceTitle "EXT 2016"]
[Source "ChessBase"]
[SourceDate "2015.10.08"]
[SourceVersion "1"]
[SourceVersionDate "2015.10.08"]
[SourceQuality "1"]

1. d4 d5 2. c4 e6 3. Nc3 Nf6 4. cxd5 exd5 5. Bg5 Be7 6. e3 Nbd7 7. Bd3 c6 8. Qc2 h6 9. Bh4 Nh5 10. Bg3 Nxg3 11. hxg3 Nb6 12. Nf3 Be6 13. 0-0 0-0 14. Rfe1 Qc7 15. a3 a5 16. e4 Rfd8 17. e5 Qd7 18. Qb3 Nc4 19. Qc2 b5 20. Ne2 Rdc8 21. Nf4 c5 22. Qe2 g5 23. Nxe6 fxe6 24. g4 cxd4 25. Nxd4 Bc5 26. Nxe6 Qxe6 27. Bf5 Qe7 28. Bxc8 Rxc8 29. Qd3 Qe6 30. b4 axb4 31. axb4 Bb6 32. Kh1 Kg7 33. f3 h5 34. Qf5 hxg4 35. Qxg5+ Kf7 36. Qh5+ Qg6 37. Qxg6+ Kxg6 38. Kh2 Bf2 39. Ra6+ Nb6 40. Rxb6+ Bxb6 41. Kg3 Rc2 42. Kf4 Bf2 0-1

[Event "Euskadi-chT"]
[Site "Bergara"]
[Date "2010.03.13"]
[Round "9.2"]
[White "Sola Plaza, Gregorio"]
[Black "Hernandez Sanchez, Elvis de la Caridad"]
[Result "0-1"]
[WhiteElo "2042"]
[BlackElo "2275"]
[PlyCount "102"]
[EventDate "2010.01.09"]
[EventType "team-tourn"]
[EventRounds "9"]
[EventCountry "ESP"]
[SourceTitle "EXT 2011"]
[Source "ChessBase"]
[SourceDate "2010.11.26"]
[SourceVersion "1"]
[SourceVersionDate "2010.11.26"]
[SourceQuality "1"]

1. d4 d5 2. c4 dxc4 3. e3 e5 4. d5 Nf6 5. Bxc4 c6 6. dxc6 Qxd1+ 7. Kxd1 Nxc6 8. Nf3 Bd6 9. Nc3 Ke7 10. a3 Rd8 11. Ke2 Be6 12. Bxe6 Kxe6 13. Ng5+ Ke7 14. Nge4 Nxe4 15. Nxe4 f5 16. Nxd6 Rxd6 17. Bd2 Ke6 18. Bc3 Ne7 19. f4 e4 20. Rad1 Nd5 21. Bd4 Rc8 22. h3 Rc2+ 23. Rd2 Nxf4+ 24. Kd1 Rxd2+ 25. Kxd2 g6 26. g3 Nd3 27. Ke2 Rc6 28. Kd2 h5 29. Bc3 Kd5 30. Rh2 Ke6 31. Rg2 Rc7 32. g4 fxg4 33. hxg4 h4 34. Rh2 Rh7 35. Ke2 Ne5 36. Bxe5 Kxe5 37. Kf1 h3 38. Kg1 Rh4 39. Kh1 g5 40. b3 Rxg4 41. Rxh3 Kf5 42. Kh2 Kg6 43. Kh1 Rh4 44. Kg2 Rxh3 45. Kxh3 Kh5 46. Kg3 g4 47. Kg2 Kh4 48. Kh2 g3+ 49. Kg1 Kh3 50. Kh1 g2+ 51. Kg1 Kg3 0-1

[Event "Euskadi-chT"]
[Site "Bergara"]
[Date "2010.02.20"]
[Round "6.5"]
[White "Sola Plaza, Gregorio"]
[Black "Del Rio de Angelis, Salvador Gabriel"]
[Result "0-1"]
[WhiteElo "2042"]
[BlackElo "2524"]
[PlyCount "106"]
[EventDate "2010.01.09"]
[EventType "team-tourn"]
[EventRounds "9"]
[EventCountry "ESP"]
[SourceTitle "EXT 2011"]
[Source "ChessBase"]
[SourceDate "2010.11.26"]
[SourceVersion "1"]
[SourceVersionDate "2010.11.26"]
[SourceQuality "1"]

1. d4 d5 2. c4 c6 3. Nf3 Nf6 4. e3 g6 5. b3 Bg7 6. Bd3 c5 7. Nc3 0-0 8. Bb2 cxd4 9. exd4 Nc6 10. h3 dxc4 11. Bxc4 b6 12. 0-0 Bb7 13. Qe2 e6 14. Rad1 Re8 15. Rfe1 Nb4 16. Ne5 Nbd5 17. Nxd5 Nxd5 18. Qd2 Qh4 19. Bf1 Bh6 20. Qe2 Rac8 21. g3 Qe7 22. Bg2 Rc7 23. Ng4 Bg7 24. Rc1 Rec8 25. Rxc7 Rxc7 26. Qd2 Qb4 27. Qe2 Rc2 28. Qxc2 Qxe1+ 29. Kh2 h5 30. Ne5 h4 31. Nf3 hxg3+ 32. fxg3 Qe3 33. Bc1 Qc3 34. Qxc3 Nxc3 35. a3 Bd5 36. b4 Nb5 37. Bb2 Nd6 38. Bc1 Nf5 39. Bd2 b5 40. g4 Nxd4 41. Nxd4 Be5+ 42. Kh1 Bxg2+ 43. Kxg2 Bxd4 44. Bc1 f5 45. Kf3 Kf7 46. Ke2 fxg4 47. hxg4 Kf6 48. Kd3 Ke5 49. Bh6 Kd5 50. Bg5 e5 51. Bd2 e4+ 52. Kc2 Kc4 53. Be1 e3 0-1

[Event "Pamplona op 19th"]
[Site "Pamplona"]
[Date "2009.12.01"]
[Round "1"]
[White "Sola Plaza, Gregorio"]
[Black "Zamarbide Inarrea, Daniel"]
[Result "0-1"]
[WhiteElo "2049"]
[BlackElo "2176"]
[PlyCount "128"]
[EventDate "2009.12.01"]
[EventType "swiss"]
[EventRounds "7"]
[EventCountry "ESP"]
[SourceTitle "CBM 133 Extra"]
[Source "ChessBase"]
[SourceDate "2010.01.05"]
[SourceVersion "1"]
[SourceVersionDate "2010.01.05"]
[SourceQuality "1"]

1. d4 g6 2. Nf3 Bg7 3. g3 d6 4. Bg2 Nf6 5. 0-0 0-0 6. Nbd2 c5 7. dxc5 dxc5 8. Nc4 Be6 9. Nce5 Ne4 10. c3 f6 11. Nd3 Nc6 12. Qa4 c4 13. Nf4 Bf7 14. Rd1 Qb8 15. Nd4 Nxd4 16. Bxe4 Nc6 17. Be3 f5 18. Bd5 Bxd5 19. Nxd5 b5 20. Qa6 Rc8 21. Rd2 e6 22. Ne7+ Nxe7 23. Qxe6+ Kf8 24. Bf4 Qb7 25. Rd7 Qe4 26. Rxe7 Qxe6 27. Rxe6 Kf7 28. Rd6 b4 29. Rd7+ Kg8 30. Rad1 bxc3 31. bxc3 Bxc3 32. Bh6 Bh8 33. Rc1 c3 34. Rc2 Rab8 35. Bc1 Bf6 36. Kg2 a5 37. Be3 Rd8 38. Rxd8+ Rxd8 39. Bc1 Kf7 40. Kf3 Ke6 41. e4 fxe4+ 42. Kxe4 g5 43. Bxg5 Bxg5 44. Rxc3 Bd2 45. Rc2 Bb4 46. Ke3 Kf5 47. f3 h5 48. Rb2 Rc8 49. Ke2 Rc1 50. Kf2 Rc4 51. Ke2 Ke5 52. Kd3 Rc3+ 53. Ke2 Rc4 54. Kd3 Rd4+ 55. Ke2 a4 56. Rc2 Kd5 57. Ke3 Rc4 58. Rb2 a3 59. Rb3 Kc5 60. f4 Rc2 61. f5 Rxa2 62. f6 Ra1 63. Kf2 Rd1 64. f7 Rd8 0-1

[Event "Andorra op 27th"]
[Site "Arinsal"]
[Date "2009.07.18"]
[Round "1"]
[White "Balogh, Csaba"]
[Black "Sola Plaza, Gregorio"]
[Result "1-0"]
[WhiteElo "2595"]
[BlackElo "2049"]
[PlyCount "61"]
[EventDate "2009.07.18"]
[EventType "swiss"]
[EventRounds "9"]
[EventCountry "AND"]
[SourceTitle "CBM 131 Extra"]
[Source "ChessBase"]
[SourceDate "2009.09.03"]
[SourceVersion "2"]
[SourceVersionDate "2009.09.16"]
[SourceQuality "1"]

1. e4 e6 2. d4 d5 3. Nd2 Be7 4. c3 c5 5. dxc5 Nf6 6. exd5 Qxd5 7. b4 Nc6 8. Ngf3 a5 9. Bc4 Qf5 10. Qb3 g5 11. 0-0 Bd7 12. Bb2 h5 13. Rfe1 g4 14. Nd4 Qg5 15. Ne4 Nxe4 16. Rxe4 Ne5 17. Bc1 Qf6 18. Bf1 h4 19. Bf4 Ng6 20. Bd6 g3 21. Qc2 Rc8 22. Bxe7 Nxe7 23. Bb5 axb4 24. Bxd7+ Kxd7 25. cxb4 Nd5 26. fxg3 hxg3 27. h3 Nxb4 28. Qa4+ Nc6 29. Rf1 Qg6 30. Nxc6 Rxc6 31. Qd4+ 1-0

[Event "Orvina-A"]
[Site "Orvina"]
[Date "2006.12.04"]
[Round "2"]
[White "Monje Peinado, Roberto"]
[Black "Sola Plaza, Gregorio"]
[Result "1/2-1/2"]
[WhiteElo "2066"]
[BlackElo "2102"]
[PlyCount "102"]
[EventDate "2006.12.03"]
[EventType "swiss"]
[EventRounds "10"]
[EventCountry "ESP"]
[SourceTitle "EXT 2008"]
[Source "ChessBase"]
[SourceDate "2007.11.25"]
[SourceVersion "1"]
[SourceVersionDate "2007.11.25"]
[SourceQuality "1"]

1. d4 Nf6 2. c4 Nc6 3. Nf3 e6 4. a3 d6 5. Nc3 g6 6. Bf4 Bg7 7. e3 0-0 8. Be2 Re8 9. 0-0 Qe7 10. Bg3 a5 11. Qc2 e5 12. dxe5 Nxe5 13. Nxe5 dxe5 14. Bh4 h6 15. Nd5 Qd8 16. Rfd1 Bf5 17. Qa4 Bd7 18. Nxf6+ Qxf6 19. Qxd7 Qxh4 20. Qxc7 e4 21. g3 Qf6 22. Rd2 Re7 23. Qc5 Re5 24. Qc7 Re7 25. Qc5 Re5 26. Qd6 Re6 27. Qd7 Re7 28. Qb5 h5 29. c5 h4 30. Rc1 Qg5 31. c6 Qxb5 32. Bxb5 Rc7 33. Rd7 Rac8 34. Rxc7 Rxc7 35. a4 bxc6 36. Rxc6 Rxc6 37. Bxc6 Bxb2 38. Bxe4 hxg3 39. fxg3 Bc1 40. Kf2 Kg7 41. g4 g5 42. Bc6 f6 43. Kf3 Kf7 44. Ke4 Ke7 45. Kd4 Bb2+ 46. Kc4 Bc1 47. Kb5 Bd2 48. Be4 Be1 49. Bf5 Bd2 50. h3 Be1 51. e4 Kd6 1/2-1/2